000 00932cam a2200313 a 4500
001 120265
003 GBCCL
005 20241126110342.0
008 700526s1970 miu b 001 0 eng
010 _a 76075106
029 1 _aNLGGC
_b781480116
035 _a(OCoLC)ocm00074069
040 _aDLC
_cDLC
_dOCLCQ
_dLBB
043 _aa-ii---
_aa-pk---
049 _aLBBK
_aLBBC
050 0 _aBR1155
_b.N4
082 0 _a275.4
_bNEI
090 _aBR1155
_b.N4
100 1 _aNeill, Stephen,
_d1900-
245 1 4 _aThe story of the Christian church in India and Pakistan /
_cby Stephen Neill.
260 _aGrand Rapids :
_bEerdmans,
_cc1970.
300 _a183 p. ;
_c20 cm.
490 0 _aChristian world mission books
490 0 _aDiscipling the nations.
504 _aIncludes bibliographical references (p. 170-173) and index.
651 0 _aIndia
_xChurch history.
651 0 _aPakistan
_xChurch history.
942 _2ddc
_cBK
_01
999 _c614
_d614